[Event "De Verteuil Memorial 26th"]
[Site "Port of Spain"]
[Date "2018.10.25"]
[Round "4"]
[White "Singh, Ravishen"]
[Black "Ramos Caldera, Cesar"]
[Result "1-0"]
[WhiteElo "2019"]
[BlackElo "1975"]
[PlyCount "61"]
[EventDate "2018.10.04"]
[EventType "swiss"]
[EventRounds "7"]
[EventCountry "TRI"]
[SourceTitle "CBM 187 Extra"]
[Source "ChessBase"]
[SourceDate "2018.11.04"]
[SourceVersion "1"]
[SourceVersionDate "2018.11.04"]
[SourceQuality "1"]

1. d4 d5 2. Nf3 c6 3. Bf4 e6 4. e3 Nd7 5. Nbd2 f5 6. Be2 Be7 7. c4 Ngf6 8. 0-0 0-0 9. Ne5 Ne4 10. h3 Ndf6 11. c5 Nxd2 12. Qxd2 Ne4 13. Qc1 Bd7 14. b4 a5 15. a3 axb4 16. axb4 Rxa1 17. Qxa1 Bc8 18. Qa7 Qe8 19. Nd3 Bf6 20. Ra1 Kh8 21. Qb8 Nc3 22. Bf3 h5 23. Bd6 Rg8 24. Nf4 g6 25. Be5 Qf7 26. Ra8 Ne4 27. Ra7 Qg7 28. Nd3 Kh7 29. b5 Kh6 30. bxc6 g5 31. cxb7 1-0

[Event "Port of Spain Knights op 45th"]
[Site "Port of Spain"]
[Date "2018.04.05"]
[Round "1"]
[White "Singh, Ravishen"]
[Black "Inkim, Matthew"]
[Result "1-0"]
[WhiteElo "2002"]
[BlackElo "1535"]
[PlyCount "59"]
[EventDate "2018.04.05"]
[EventType "swiss"]
[EventRounds "7"]
[EventCountry "TRI"]
[SourceTitle "CBM 184 Extra"]
[Source "ChessBase"]
[SourceDate "2018.06.28"]
[SourceVersion "1"]
[SourceVersionDate "2018.06.28"]
[SourceQuality "1"]

1. e4 e5 2. Nf3 Nc6 3. Bb5 Nf6 4. 0-0 Bc5 5. Nc3 d6 6. h3 0-0 7. d3 h6 8. a3 a6 9. Bc4 Nd4 10. Nh2 c6 11. b4 Ba7 12. Kh1 d5 13. Ba2 Be6 14. f4 exf4 15. Bxf4 dxe4 16. dxe4 Qe7 17. e5 Bxa2 18. exf6 Qxf6 19. Nxa2 Nf5 20. Ng4 Qh4 21. Qe1 Qd8 22. Rd1 Qb6 23. Qe4 Nh4 24. Bd6 f5 25. Nxh6+ gxh6 26. Qxh4 Rf7 27. Qxh6 c5 28. Rf3 cxb4 29. Rg3+ Rg7 30. Qxg7# 1-0

[Event "De Verteuil Memorial 25th"]
[Site "Port of Spain"]
[Date "2017.10.19"]
[Round "3"]
[White "Lee, Courtney"]
[Black "Singh, Ravishen"]
[Result "0-1"]
[WhiteElo "1854"]
[BlackElo "2032"]
[PlyCount "54"]
[EventDate "2017.10.05"]
[EventType "swiss"]
[EventRounds "7"]
[EventCountry "TRI"]
[SourceTitle "CBM 187 Extra"]
[Source "ChessBase"]
[SourceDate "2018.11.04"]
[SourceVersion "1"]
[SourceVersionDate "2018.11.04"]
[SourceQuality "1"]

1. e4 c5 2. Nf3 d6 3. d4 cxd4 4. Nxd4 Nf6 5. Nc3 a6 6. Bc4 e6 7. Bb3 Qc7 8. Bg5 Be7 9. Qd2 Nc6 10. 0-0-0 Bd7 11. f4 0-0 12. h3 Na5 13. g4 Nxb3+ 14. axb3 b5 15. Bxf6 Bxf6 16. g5 Be7 17. f5 Rfd8 18. g6 hxg6 19. fxg6 b4 20. gxf7+ Kxf7 21. Na4 Qa5 22. h4 Bxa4 23. bxa4 Qxa4 24. Rdf1+ Ke8 25. Kb1 Rdc8 26. Rh3 Rc5 27. Nxe6 Ra5 0-1

[Event "Port of Spain op"]
[Site "Port of Spain"]
[Date "2016.08.01"]
[Round "6"]
[White "Singh, Ravishen"]
[Black "Pouchet, Michael"]
[Result "1/2-1/2"]
[WhiteElo "2038"]
[BlackElo "2041"]
[PlyCount "37"]
[EventDate "2016.07.29"]
[EventType "swiss"]
[EventRounds "9"]
[EventCountry "TRI"]
[SourceTitle "CBM 173 Extra"]
[Source "ChessBase"]
[SourceDate "2016.08.29"]
[SourceVersion "1"]
[SourceVersionDate "2016.08.29"]
[SourceQuality "1"]

1. d4 e6 2. c4 d5 3. Nf3 Nf6 4. a3 Be7 5. Nc3 0-0 6. Qc2 b6 7. Bf4 Bb7 8. e3 a6 9. Be2 Nbd7 10. b4 Re8 11. h3 dxc4 12. Bxc4 Nd5 13. Bg3 Nxc3 14. Qxc3 c5 15. Rd1 cxb4 16. axb4 a5 17. bxa5 bxa5 18. 0-0 Nf6 19. Ba2 1/2-1/2

[Event "De Verteuil Memorial 23rd"]
[Site "Port of Spain"]
[Date "2015.10.08"]
[Round "1"]
[White "Ramon Fortune, Arnold"]
[Black "Singh, Ravishen"]
[Result "0-1"]
[WhiteElo "1676"]
[BlackElo "2123"]
[PlyCount "90"]
[EventDate "2015.10.08"]
[EventType "swiss"]
[EventRounds "7"]
[EventCountry "TRI"]
[SourceTitle "CBM 169 Extra"]
[Source "ChessBase"]
[SourceDate "2015.12.18"]
[SourceVersion "1"]
[SourceVersionDate "2015.12.18"]
[SourceQuality "1"]

1. d4 Nf6 2. c4 g6 3. Nc3 Bg7 4. e4 d6 5. Be2 0-0 6. Be3 Nc6 7. h3 e5 8. Nf3 Ne8 9. d5 Ne7 10. Nd2 f5 11. f3 f4 12. Bf2 Nf6 13. c5 a6 14. Nb3 g5 15. Rc1 Ng6 16. cxd6 cxd6 17. Kf1 Rf7 18. Na4 h5 19. Nb6 Rb8 20. a4 Bf8 21. a5 Bd7 22. Rc3 g4 23. hxg4 hxg4 24. Qc2 gxf3 25. gxf3 Rh7 26. Rxh7 Nxh7 27. Nxd7 Qxd7 28. Rc7 Qh3+ 29. Ke1 Ng5 30. Qd3 Qh1+ 31. Kd2 Qg2 32. Bb6 Nh4 33. Kc3 Nhxf3 34. Kb4 Ne1 35. Qd2 Qg3 36. Rc1 Nef3 37. Bxf3 Qxf3 38. Rg1 Qxe4+ 39. Ka3 Be7 40. Nc5 dxc5 41. d6 Qb4+ 42. Qxb4 cxb4+ 43. Kxb4 Bxd6+ 44. Kc4 Be7 45. Kd5 Re8 0-1

[Event "Olympiad-41"]
[Site "Tromsoe"]
[Date "2014.08.12"]
[Round "10.3"]
[White "Gundavaa, Bayarsaihan"]
[Black "Singh, Ravishen"]
[Result "1-0"]
[WhiteElo "2501"]
[BlackElo "2104"]
[PlyCount "43"]
[EventDate "2014.08.02"]
[EventType "team-swiss"]
[EventRounds "11"]
[EventCountry "NOR"]
[SourceTitle "CBM 162"]
[Source "ChessBase"]
[SourceDate "2014.09.17"]
[SourceVersion "1"]
[SourceVersionDate "2014.09.17"]
[SourceQuality "1"]
[WhiteTeam "Mongolia"]
[BlackTeam "Trinidad and Tobago"]
[WhiteTeamCountry "MGL"]
[BlackTeamCountry "TRI"]

1. e4 c5 2. Nf3 e6 3. d4 cxd4 4. Nxd4 Nf6 5. Nc3 d6 6. Be3 a6 7. Be2 Qc7 8. f4 Nc6 9. 0-0 Be7 10. Qe1 0-0 11. Qg3 Re8 12. Rae1 Bd7 13. Kh1 Rac8 14. Nxc6 Bxc6 15. Bd4 d5 16. exd5 exd5 17. Bd3 Kh8 18. Qh3 Bd7 19. Rxe7 Rxe7 20. Qh4 h6 21. Bxf6 Ree8 22. Qxh6+ 1-0

[Event "Port of Spain Sub zt 2.3.5"]
[Site "Port of Spain"]
[Date "2014.03.28"]
[Round "3"]
[White "Singh, Ravishen"]
[Black "Lopez, Jasel"]
[Result "1/2-1/2"]
[WhiteElo "2102"]
[BlackElo "2202"]
[PlyCount "44"]
[EventDate "2014.03.27"]
[EventType "swiss"]
[EventRounds "9"]
[EventCountry "TRI"]
[SourceTitle "EXT 2023"]
[Source "ChessBase"]
[SourceDate "2022.10.05"]
[SourceVersion "1"]
[SourceVersionDate "2022.10.05"]
[SourceQuality "1"]

1. c4 c6 2. g3 Nf6 3. Bg2 d5 4. cxd5 cxd5 5. Nf3 Nc6 6. 0-0 e5 7. d3 Be7 8. a3 0-0 9. b4 a6 10. Bb2 Bd6 11. Nbd2 Qe7 12. Rc1 Bd7 13. e4 dxe4 14. dxe4 Rad8 15. Qb3 Bb8 16. h3 Be6 17. Qc2 Rd7 18. Rfe1 Rfd8 19. Bc3 Ba7 20. Qb2 Ne8 21. Nf1 f6 22. Ne3 Nd6 1/2-1/2

[Event "Olympiad-40"]
[Site "Istanbul"]
[Date "2012.08.31"]
[Round "4.4"]
[White "Mooney, Graham"]
[Black "Singh, Ravishen"]
[Result "0-1"]
[WhiteElo "1938"]
[BlackElo "2067"]
[PlyCount "82"]
[EventDate "2012.08.28"]
[EventType "team-swiss"]
[EventRounds "11"]
[EventCountry "TUR"]
[SourceTitle "CBM 151"]
[Source "ChessBase"]
[SourceDate "2012.11.13"]
[SourceVersion "1"]
[SourceVersionDate "2012.11.13"]
[SourceQuality "1"]
[WhiteTeam "Jersey"]
[BlackTeam "Trinidad and Tobago"]
[WhiteTeamCountry "JCI"]
[BlackTeamCountry "TRI"]

1. e4 c5 2. Nf3 d6 3. d4 cxd4 4. Nxd4 Nf6 5. Nc3 a6 6. Be2 b5 7. Bf3 e5 8. Nb3 Be6 9. 0-0 Be7 10. Be3 0-0 11. Nd5 Nxd5 12. exd5 Bf5 13. Be2 Bg6 14. f4 f5 15. c4 Bf6 16. cxb5 axb5 17. Bxb5 exf4 18. Bd4 Be5 19. a4 Nd7 20. Bc6 Rb8 21. a5 f3 22. Bxd7 Qxd7 23. gxf3 Qb5 24. Bxe5 dxe5 25. Ra3 Bf7 26. a6 Ra8 27. Qa1 Bxd5 28. Nd2 Qb6+ 29. Kg2 e4 30. Ra5 exf3+ 31. Nxf3 Be4 32. Qa3 Rf6 33. Rf2 Rg6+ 34. Kf1 Rd8 35. Ne5 Rg1+ 36. Ke2 Rd2+ 37. Kxd2 Qxf2+ 38. Kc3 Rc1+ 39. Kb4 Qd4+ 40. Kb3 Bc2+ 41. Ka2 Ra1+ 0-1

[Event "Porlamar 2nd"]
[Site "Porlamar"]
[Date "2011.06.02"]
[Round "2"]
[White "Marichal Gonzalez, Ariel"]
[Black "Singh, Ravishen"]
[Result "1-0"]
[WhiteElo "2288"]
[BlackElo "2117"]
[PlyCount "81"]
[EventDate "2011.06.01"]
[EventType "tourn"]
[EventRounds "9"]
[EventCountry "VEN"]
[SourceTitle "EXT 2013"]
[Source "ChessBase"]
[SourceDate "2012.11.22"]
[SourceVersion "1"]
[SourceVersionDate "2012.11.22"]
[SourceQuality "1"]

1. d4 Nf6 2. c4 g6 3. Nc3 Bg7 4. e4 d6 5. Nf3 0-0 6. Be2 Na6 7. 0-0 c6 8. Be3 Re8 9. Rb1 Nc7 10. a4 a5 11. b4 Na6 12. bxa5 Qxa5 13. Rb3 c5 14. Bd2 cxd4 15. Nxd4 Nc5 16. Rb1 Qd8 17. Bf3 Nfd7 18. Bg5 h6 19. Bh4 Ne5 20. Be2 Bd7 21. Ndb5 Bc6 22. f4 Ned7 23. Bf3 Qa5 24. Be1 Qd8 25. Bh4 Nb6 26. Nd5 Nxc4 27. Nbc7 Bxd5 28. Nxd5 Nb2 29. Qc2 Nbxa4 30. Rfd1 Ra6 31. e5 Bf8 32. Be2 Rc6 33. Bb5 Qa5 34. exd6 Rec8 35. Bxc6 bxc6 36. Nxe7+ Bxe7 37. dxe7 Ne6 38. Ra1 Qb6+ 39. Qf2 Qxf2+ 40. Kxf2 g5 41. Rxa4 1-0

[Event "Porlamar 2nd"]
[Site "Porlamar"]
[Date "2011.06.02"]
[Round "3"]
[White "Singh, Ravishen"]
[Black "Zambrano, Kevin Alexander"]
[Result "0-1"]
[WhiteElo "2117"]
[BlackElo "2155"]
[PlyCount "98"]
[EventDate "2011.06.01"]
[EventType "tourn"]
[EventRounds "9"]
[EventCountry "VEN"]
[SourceTitle "EXT 2013"]
[Source "ChessBase"]
[SourceDate "2012.11.22"]
[SourceVersion "1"]
[SourceVersionDate "2012.11.22"]
[SourceQuality "1"]

1. d4 d5 2. Nc3 Nf6 3. Bg5 Nbd7 4. Qd2 e6 5. f3 c5 6. e3 Be7 7. h4 h6 8. Bxf6 Bxf6 9. g3 a6 10. Nge2 b5 11. Nf4 Bb7 12. Nce2 Rc8 13. c3 0-0 14. Bh3 e5 15. Nh5 Be7 16. Bxd7 Qxd7 17. g4 exd4 18. exd4 Rfe8 19. 0-0-0 b4 20. g5 bxc3 21. Nxc3 hxg5 22. hxg5 Qf5 23. Rdg1 g6 24. f4 gxh5 25. Rxh5 Bd6 26. Rh4 Kg7 27. g6 fxg6 28. Rg5 Re1+ 29. Qxe1 Bxf4+ 30. Rxf4 Qxf4+ 31. Qd2 Qxd2+ 32. Kxd2 cxd4 33. Nxd5 Rc5 34. Re5 Rxd5 35. Re7+ Kf6 36. Rxb7 Rb5 37. Ra7 Rxb2+ 38. Kd3 Rxa2 39. Kxd4 Kf5 40. Ke3 Kg4 41. Rg7 g5 42. Rh7 Kg3 43. Rg7 g4 44. Rh7 Kg2 45. Rg7 g3 46. Rh7 Kg1 47. Rg7 g2 48. Rf7 Ra3+ 49. Ke2 Kh2 0-1

[Event "De Verteuil Memorial 18th"]
[Site "Port of Spain"]
[Date "2010.11.04"]
[Round "4"]
[White "Singh, Ravishen"]
[Black "Lee, Hayden"]
[Result "1-0"]
[WhiteElo "2089"]
[BlackElo "1903"]
[PlyCount "107"]
[EventDate "2010.10.14"]
[EventType "swiss"]
[EventRounds "7"]
[EventCountry "TRI"]
[SourceTitle "EXT 2013"]
[Source "ChessBase"]
[SourceDate "2012.11.22"]
[SourceVersion "1"]
[SourceVersionDate "2012.11.22"]
[SourceQuality "1"]

1. d4 Nf6 2. Nc3 b6 3. e4 Bb7 4. Bd3 g6 5. Bg5 Bg7 6. Qd2 d5 7. exd5 Nxd5 8. Nf3 h6 9. Bh4 Nxc3 10. bxc3 0-0 11. Qe3 Re8 12. 0-0 Nd7 13. Rfe1 Nf6 14. a4 Qd5 15. Bg3 Qh5 16. Ne5 Ng4 17. Qe2 Nxe5 18. Qxh5 gxh5 19. Bxe5 f6 20. Bxc7 Rac8 21. Bg6 Kf8 22. Bxe8 Kxe8 23. Bd6 Bf8 24. Re3 Kf7 25. Bb4 Bd5 26. a5 b5 27. a6 Rc7 28. Ra5 Bc4 29. f4 Rd7 30. Kf2 Bg7 31. Ra1 e5 32. Rae1 Rd5 33. Bc5 exf4 34. Re7+ Kg6 35. Rxa7 Rg5 36. Rd7 Bd5 37. Rxd5 Rxd5 38. a7 Rd8 39. Bd6 Ra8 40. Bb8 Kf7 41. Kf3 Bf8 42. Kxf4 Be7 43. Kf5 Bd8 44. Ra1 b4 45. c4 Ke7 46. Ra6 Kd7 47. d5 Kc8 48. Ke6 Kb7 49. Rd6 Kc8 50. c5 h4 51. Rxd8+ Kxd8 52. c6 Kc8 53. c7 f5 54. d6 1-0